Planet Zoo - Tous les animaux - Statistiques

Statistiques générales
  • Ce quiz a été pris 213 fois
  • Le résultat moyen est 58 sur 210
Statistiques - réponses
Hint Réponse % Correct
C Chat de Pallas
80%
C Chat des sables
80%
C Chien de prairie à queue noire
79%
C Chien des buissons
79%
C Chien viverrin du Japon
79%
L Lion d'Afrique de l'ouest
79%
E Eléphant d'Afrique
77%
E Eléphant de Bornéo
77%
E Eléphant indien
77%
T Tigre de Sibérie
72%
T Tigre du Bengale
72%
G Girafe réticulée
67%
O Ours à lunettes
67%
O Ours isabelle
67%
O Ours lippu
67%
O Ours malais
67%
O Ours noir de Taïwan
67%
O Ours polaire
67%
S Serpent brun
62%
Z Zèbre des plaines
62%
H Hippopotame
61%
C Cheval de Przewalski
59%
G Gorille des plaines de l'ouest
56%
L Loup à crinière
56%
L Loup arctique
56%
L Loup gris
56%
V Vache Highland
55%
H Hippopotame nain
54%
J Jaguar
54%
K Koala
54%
P Panda géant
54%
P Panda roux
54%
K Kangourou roux
52%
C Crocodile marin
51%
C Chèvre alpine
50%
P Panthère des neiges
50%
P Panthère nébuleuse
50%
R Rhinocéros blanc du sud
50%
R Rhinocéros indien
50%
R Rhinocéros noir
50%
G Guépard
49%
R Renard polaire
49%
R Renard roux
49%
R Renard volant à lunettes
49%
C Cerf du père David
48%
C Cerf élaphe
48%
L Léopard d'Afrique
48%
L Léopard de l'Amour
48%
A Ane commun d'Amérique
45%
A Ane sauvage de Somalie
45%
A Autruche d'Afrique
45%
H Hyène rayée
45%
H Hyène Tachetée
45%
M Mouton Hill Radnor
45%
T Tortue d'Hermann
45%
T Tortue diamant
45%
T Tortue géante de Galapagos
45%
T Tortue géante des Seychelles
45%
T Tortue sillonnée
45%
A Antilope cervicapre
43%
A Antilope d'Amérique
43%
P Poule Sussex
43%
B Babouin hamadryas
41%
C Chimpanzé verus
40%
M Manchot du Cap
39%
M Manchot pygmée
39%
M Manchot royal
39%
A Anaconda jaune
38%
B Boa constricteur
37%
A Araignée bananière
35%
V Vipère à cornes
34%
V Vipère de la mort
34%
V Vipère heurtante
34%
G Grenouille goliath
33%
G Grenouille-Taureau
33%
G Grenouille vénéneuse de Lehmann
33%
L Lynx boréal
33%
B Bison d'Amérique du nord
32%
B Bison d'Europe
32%
O Otarie de Californie
32%
O Orang-outan de Bornéo
30%
S Sanglier
30%
B Buffle d'Afrique
29%
B Buffle sauvage d'Asie
29%
C Chameau de Bactriane
29%
G Gazelle Dama
29%
G Gazelle de Thomson
29%
L Lémur cata
29%
L Loutre cendrée
29%
L Loutre géante
29%
P Paon bleu
29%
P Paon-du-jour
29%
C Caïman à lunettes
28%
C Caïman nain
28%
C Castor du Canada
28%
D Dromadaire
28%
L Lama
28%
P Phoque gris
28%
A Alligator d'Amérique
27%
P Puma
26%
G Gnou bleu
24%
G Gnou noir
24%
E Elan
23%
B Bonobo
22%
F Fennec
22%
F Flamant rose
22%
I Iguane des Petites Antilles
22%
I Iguane vert
22%
R Raton laveur
22%
S Suricate
22%
P Paresseux à gorge brune
21%
P Porc Tamworth
21%
D Daim européen
20%
F Flamant des Caraïbes
20%
G Grizzly
20%
P Phacochère commun
20%
L Lycaon
18%
M Macaque japonais
18%
A Alpaga
17%
K Kiwi de Mantell
16%
W Wallaby de Bennett
16%
D Dingo
15%
R Renne
15%
S Scorpion forestier géant
15%
S Scorpion velu du désert
15%
T Tapir de Baird
15%
T Tapir de Malaisie
15%
B Bouquetin des Alpes
13%
C Capybara
13%
D Dragon de Komodo
13%
O Ocelot
13%
V Varan du Nil
13%
V Varan malais
13%
E Emeu
12%
M Mandrill
12%
M Mygale à pattes rouges
12%
M Mygale de Leblond
12%
M Mygale saumonée
12%
O Okapi
12%
W Wombat commun
11%
A Axolotl
10%
C Caracal
10%
C Cygne tuberculé
10%
M Mouflon canadien
10%
M Mouflon de Dall
10%
O Ornithorynque
10%
T Tamanoir
10%
C Crotale diamantin de l'ouest
9%
D Diable de Tasmanie
9%
E Escargot tigre
9%
G Gavial du Gange
9%
G Gibbon à mains blanches
9%
N Nasique
9%
O Oryx algazelle
9%
O Oryx gazelle
9%
P Pangolin de Chine
9%
Q Quokka
9%
S Salamandre tachetée
9%
T Tatou à neuf bandes
9%
C Coyote
7%
G Grue du Japon
7%
V Vari noir et blanc
7%
V Vari roux
7%
B Blaireau européen
6%
H Hippotrague noir
6%
B Blatte rhinocéros
5%
C Casoar à casque
5%
D Dik-Dik de Kirk
5%
F Fossa
5%
G Glouton
5%
N Nandou d'Amérique
5%
O Oryctérope du Cap
5%
P Pécari à collier
5%
P Porc-épic à crête
5%
P Potamochère roux
5%
S Scarabée goliath
5%
S Scarabée sacré
5%
S Springbok
5%
A Addax
4%
B Bongo
4%
C Cobe de Mrs Gray
4%
B Babiroussa
2%
D Dhole
2%
K Kokoï de Colombie
2%
M Machaon
2%
M Monarque
2%
M Monstre de Gila
2%
N Nyala
2%
S Sapajou capucin
2%
S Siamang
2%
T Takin
2%
T Titan
2%
B Binturong
1%
M Morpho bleu
1%
M Mouffette rayée
1%
P Phyllie géante de Malaisie
1%
P Piéride des jardins
1%
P Propithèque de Coquerel
1%
R Rainette aux yeux rouges
1%
R Ratel
1%
R Roussette d'Egypte
1%
S Saïga
1%
S Saki à face blanche
1%
S Scolopendre géante
1%
T Triton crêté du Danube
1%
M Markhor
0%
N Nilgaut
0%
O Ouandérou
0%
P Pachliopta jophon
0%
S Scinque à langue bleue
0%
Aucun quiz correspondant
Distribution des résultats
% des personnes avec chaque résultat
Percentile par nombre de réponses
Votre historique - résultats
Vous n’avez pas pris ce quiz